=LDR 00000nam 2200000 4500 =001 INLIS000000000014850 =005 20130612110130 =008 ***********************************Ind** =035 ##$$0010-061300000014850 =041 ##$$a Ind =082 ##$$a 614.025 =090 ##$$a 614.025, Rab a =100 ##$$a Rab, Tabrani =245 ##$$a Agenda gawat darurat = critical care jilid 1, Tabrani Rab =260 ##$$a 1998 $b Bandung =300 ##$$a xxxii, 340 hlm, Ilus, 21 cm =650 ##$$a Kesehatan =850 ##$$a NBPNMAT